Matria (Record no. 1703)

MARC details
000 -LEADER
campo de control de longitud fija 01162nam a2200133 4500
008 - DATOS DE LONGITUD FIJA--INFORMACIÓN GENERAL
campo de control de longitud fija 821.92 L998m
082 ## - NÚMERO DE LA CLASIFICACIÓN DECIMAL DEWEY
Número de clasificación 821.92
Número de ítem L998m
100 ## - ENTRADA PRINCIPAL--NOMBRE DE PERSONA
Nombre de persona Lytton Regalado, Alexandra
9 (RLIN) 6856
245 ## - MENCIÓN DEL TÍTULO
Título Matria
260 ## - PUBLICACIÓN, DISTRIBUCIÓN, ETC.
Lugar de publicación, distribución, etc. Estados Unidos
Nombre del editor, distribuidor, etc. Black Lawrence Press
Fecha de publicación, distribución, etc. 2014
300 ## - DESCRIPCIÓN FÍSICA
Extensión 89
Dimensiones 24 x 16.5 cm
505 ## - NOTA DE CONTENIDO CON FORMATO
Título El Chandelier
-- Salvadoran Road Bingo
-- LOTERIA I
-- La Cachiporrista
-- La Lluvia
-- La Enfermera
-- La Papalota
-- La Quinceañera
-- La Caña
-- La Mesa
-- La Jícara
-- La Moneda
-- La Mosca
-- La Vecina
-- La Jarra
-- La Maestra
-- La Calavera
-- La Gallina
-- LA SEMILLA
-- Hombres de Maíz: Variations on Mayan Creation Story
-- Land O
-- Return to the house on the Cul-de-Sac
-- Fine or nothing
-- From everglades series #22, Chromogenic Print with Flash Whisbone
-- From everglades series #22, Chromogenic Print with Flash Whisbone
-- Whisbone
-- This is Grace, He says
-- Rip the Stitches
-- Chabelita Sings Cielito Lindo as She Sweeps the Dining Room Floor
-- Chabelita clears de Table
-- LOTERIA II
-- La Medusa
-- Chabelita clears de Table
-- Chabelita clears de Table
-- Chabelita clears de Table
-- Chabelita clears de Table
-- Chabelita clears de Table
650 ## - PUNTO DE ACCESO ADICIONAL DE MATERIA--TÉRMINO DE MATERIA
Subdivisión general literatura
-- poesía
-- Estados Unidos
9 (RLIN) 6857
Holdings
Estatus retirado Estado de pérdida Fuente del sistema de clasificación o colocación Estado de daño No para préstamo Biblioteca de origen Biblioteca actual Ubicación en estantería Fecha de adquisición Total de préstamos Signatura topográfica completa Código de barras Visto por última vez Precio de reemplazo Tipo de ítem Koha
    Clasificación Decimal Dewey     Biblioteca LadoV Biblioteca LadoV   17/01/2019   821.92 L998m 004688 17/01/2019 17/01/2019 Material 01